MARC

LEADER 00000nam0a2200000 4500
001 365894
005 20231102011829.0
035 |a (RuTPU)RU\TPU\retro\23257 
090 |a 365894 
100 |a 20220125d1979 km y0rusy50 ca 
101 0 |a rus 
102 |a RU 
105 |a a z 001zy 
200 1 |a Реология, процессы и аппараты химической технологии  |e межвузовский тематический сборник  |f Волгоградский политехнический институт ; отв. ред. Н. В. Тябин 
210 |a Волгоград  |c Изд-во ВолгПИ  |d 1979 
215 |a 118 с.  |c ил. 
320 |a Библиогр. в конце ст. 
606 1 |a Химические машины и аппараты  |2 stltpush  |3 (RuTPU)RU\TPU\subj\73309  |9 86361 
610 1 |a реологические процессы 
610 1 |a химическая технология 
610 1 |a композитные материалы 
610 1 |a интенсификация 
610 1 |a математическое моделирование 
610 1 |a потоки 
610 1 |a кинематика 
610 1 |a гидродинамика 
610 1 |a теплообмен 
610 1 |a переработка 
610 1 |a полимерные материалы 
675 |a 66.02  |v 4 
702 1 |a Тябин  |b Н. В.  |4 340 
712 0 2 |a Волгоградский политехнический институт  |2 stltpush  |3 (RuTPU)RU\TPU\col\4581  |9 23999 
801 1 |a RU  |b 63413507  |c 20220125 
942 |c BK